Get the Picture: Pocahontas or Sacagawea Quiz Stats

 Plays Quiz not verified by Sporcle

Score 0/14 Timer 03:00
3 Plays Today
Question Answer Wrong Answers
Subject of a Disney animated movie Pocahontas
88.8%
Sacagawea
4.3%
Legend has it she saved English colonist John Smith at his execution by placing her head atop of his Pocahontas
85.8%
Sacagawea
7.3%
Was an interpreter and guide that aided Lewis and Clark to explore and navigate the Northwestern United States Sacagawea
84.1%
Pocahontas
9.1%
Married to French-Canadian fur trader Toussaint Charbonneau Sacagawea
81.6%
Pocahontas
11.3%
Her face has been featured on the US Dollar Coin since 2000 Sacagawea
81.5%
Pocahontas
11.8%
Married to English colonist John Rolfe Pocahontas
81.1%
Sacagawea
12%
Member of Powhatan Nation Pocahontas
77%
Sacagawea
16.4%
Member of Shoshone Nation Sacagawea
76.6%
Pocahontas
17%
Captured by the English and held captive for ransom demands Pocahontas
75.9%
Sacagawea
16.9%
Name loosely translated means 'Bird Woman' Sacagawea
75.6%
Pocahontas
17.3%
Name loosely translated to 'Playful One' or 'Little Wanton' Pocahontas
73.2%
Sacagawea
19.4%
Famously traded her beaded belt for a fur coat to gift to US President Thomas Jefferson Sacagawea
72.3%
Pocahontas
21%
Kidnapped at age 12 and enslaved by the Hidatsa Tribe Sacagawea
65.4%
Pocahontas
27.9%
First Native American to be featured on a US stamp Pocahontas
40.6%
Sacagawea
53.2%

You're not logged in!

Compare scores with friends on all Sporcle quizzes.
OR
Log In

Sporcle TV

Today on Sporcle TV


Watch our educational content, quiz creation guides, and fun videos on Sporcle TV.

Show Comments

Extras

Top Quizzes Today


Score Distribution

Your Account Isn't Verified!

In order to create a playlist on Sporcle, you need to verify the email address you used during registration. Go to your Sporcle Settings to finish the process.

Report this User

Report this user for behavior that violates our Community Guidelines.

Details: